000 00518nam a22002057a 4500
003 OSt
005 20260429125043.0
008 260429b |||||||| |||| 00| 0 eng d
020 _a978-93-7098-094-5
040 _cSBCL
082 _a894.8123
_bMEE-K
100 _aMeera, K.R
245 _aKalachi
260 _aKottayam
_bDC Books
_c2025
300 _a416p.
630 _xLiterature & rhetoric
650 _aLiteratures of other languages
650 _aAltaic, Uralic, Hyperborean & Dravidian
942 _cBOOK
999 _c138105
_d138105